Platenie dane z nehnuteľností v roku 1995 Daňové "abc"
Povinnosti daňovníka pri platení dane z nehnuteľností podľa zákona č.317/1992 Zb. v znení neskorších predpisov. Podrobnejšie o podaní daňového priznania a povinnosti zaplatiť daň na r.1995.
Salvato in:
| Autore principale: | |
|---|---|
| Natura: | Capitolo di libro |
| Lingua: | slovacco |
| Soggetti: | |
| Tags: |
Nessun Tag, puoi essere il primo ad aggiungerne!!
|
MARC
| LEADER | 00000naa a2200000 4500 | ||
|---|---|---|---|
| 001 | r024964 | ||
| 005 | 20221213100151.3 | ||
| 041 | 0 | |a slo | |
| 044 | |a SK | ||
| 245 | 1 | 0 | |a Platenie dane z nehnuteľností v roku 1995 |b Daňové "abc" |c J. Fehér |
| 520 | |a Povinnosti daňovníka pri platení dane z nehnuteľností podľa zákona č.317/1992 Zb. v znení neskorších predpisov. Podrobnejšie o podaní daňového priznania a povinnosti zaplatiť daň na r.1995. | ||
| 610 | 2 | 0 | |a dane z nehnuteľností |
| 610 | 2 | 0 | |a zákony |
| 610 | 2 | 0 | |a Slovensko |
| 610 | 2 | 0 | |a 1995 |
| 610 | 2 | 0 | |a priznania daňové |
| 100 | 1 | |a Fehér, J. | |